Το δέντρο

Αποθηκεύτηκε σε:
Λεπτομέρειες βιβλιογραφικής εγγραφής
Κύριος συγγραφέας: Burnie, David
Άλλοι συγγραφείς: Κέζος, Νίκος (Μεταφραστής)
Μορφή: Βιβλίο
Γλώσσα:Greek
English
Δημοσίευση: [Αθήνα] : Αστέρης Δεληθανάσης και Μουσείο Φυσικής Ιστορίας του Λονδίνου, [1988].
Σειρά:Τα μάτια της ανακάλυψης ; 2
Θέματα:
Ετικέτες: Προσθήκη ετικέτας
Δεν υπάρχουν, Καταχωρήστε ετικέτα πρώτοι!

MARC

LEADER 00000cam a2200000 i 4500
001 1/85959
008 960912s1988 gr | ||| |||| ||gre||
035 |a 1992  |b 2  |c Βιβλιοθήκη  |l 10034847 
040 |a GR-MY-UA  |b gre  |e aacr 
041 1 |a gre  |h eng 
082 7 |a 582.1600222   |2 (22) 
100 1 |a Burnie, David. 
245 1 3 |a Το δέντρο /   |c κείμενο David Burnie ; μετάφραση: Νίκος Κέζος.  
260 |a [Αθήνα] :   |b Αστέρης Δεληθανάσης και Μουσείο Φυσικής Ιστορίας του Λονδίνου,   |c [1988].  
300 |a 63 σ. :   |b εγχρ.φωτ. ;   |c 29 εκ.  
490 1 |a (Τα μάτια της ανακάλυψης ;   |v  2) 
500 |a Τίτλος πρωτοτύπου: Tree.  
650 0 0 |a Trees  |x Pictorial works  |x Juvenile literature. 
700 1 |a Κέζος, Νίκος,  |e trl 
830 0 |a Τα μάτια της ανακάλυψης ;  |v  2 
852 |a INST  |b RHODES  |e 19960912  |h 582.1600222 BUR  |p 005400008234  |q 005400008234  |t BK  |y 0 
909 |a Ρ  |b 023915 
922 |a 4ΕΛΗ  |b 199205  |c Βιβλιοθήκη 
970 |a Χοροζίδου  |b Τζένη  |z 1999/12/10